Welcome to the Holygrace Academy Library

Please use search bar below to get started

A TEXTBOOK OF BIOLOGY (Record no. 735)

MARC details
000 -LEADER
fixed length control field 00313nam a22001217a 4500
020 ## - INTERNATIONAL STANDARD BOOK NUMBER
ISBN 978-81-259-3508-7
082 ## - DEWEY DECIMAL CLASSIFICATION NUMBER
Classification number 574
Item number AGG/T
100 ## - MAIN ENTRY--AUTHOR NAME
Personal name SARITA AGGARWAL
245 ## - TITLE STATEMENT
Title A TEXTBOOK OF BIOLOGY
Remainder of title CLASS XII
260 ## - PUBLICATION, DISTRIBUTION, ETC. (IMPRINT)
Place of publication NOIDA
Name of publisher MADHUBUN EDUCATIONAL BOOKS
Year of publication 2010
650 ## - SUBJECT ADDED ENTRY--TOPICAL TERM
Topical Term BIOLOGY FOR CLASS XII
Geographic subdivision INDIA
942 ## - ADDED ENTRY ELEMENTS (KOHA)
Koha item type Books
Holdings
Withdrawn status Lost status Collection code Home library Current library Shelving location Date acquired Source of acquisition Cost, normal purchase price Full call number Accession Number Koha item type
    Reference Main Library Main Library SHELF-9 E XII BIOLOGY 13/07/2010 purchase 500.00 574 AGG/T 04945 Books